Va banque 1035 - Statystyki

Ogólne statystyki
  • Ten quiz został rozwiązany 4 razy
  • Średni wynik to 10 z 41
Statystyki odpowiedzi
Hint Odpowiedź % Poprawnych
to sztywna obcisła bielizna damska lub pas usztywniający noszony w celu nadania sylwetce smukłości gorset
75%
To prawo opisuje siłę elektrostatyczną między dwoma ładunkami elektrycznymi Ohma
75%
To prawo opisuje zależność między napięciem, prądem i oporem elektrycznym w obwodzie Ohma
75%
biskup Rzymu papież
75%
Przez ten kraj przepływa rzeka Hunag He Chiny
50%
Grecki odpowiednik Junony Hera
50%
W XVII wieku niemiecki astronom sformułował te trzy prawa dotyczące ruchu planet Kepler
50%
używana w lotnictwie jednostka prędkości, równa prędkości rozchodzenia się dźwięku w powietrzu mach
50%
Grecki odpowiednik Wiktorii Nike
50%
Przez ten kraj przepływa rzeka Missouri USA
50%
Przez ten kraj przepływa rzeka Tyber Włochy
50%
W tym dniu 1980 roku w Nowym Jorku został zamordowany John Lennon, były członek The Beatles 8.12
25%
Grecki odpowiednik Diany Artemida
25%
Test Schillinga pozwala sprawdzić stopień wchłaniania tej witaminy z układu pokarmowego B12
25%
To zajęcia związane z parzeniem kawy baristyka
25%
To pochodząca z języka francuskiego nazwa literatury pięknej beletrystyka
25%
Nazwa tego miasta w języku hebrajskim oznacza "Dom chleba", a w języku arabskim "Dom mięsa" Betlejem
25%
Nauka zajmująca się językiem, literaturą i kulturą południowych sąsiadów Polski bohemistyka
25%
Pionierem tej metody leczenia nowotworów był Paul Ehrlich, uhonorowany Noblem chemioterapia
25%
Przy niewydolności nerek pozwala oczyścić krew że szkodliwych związków np mocznika i uregulować elektrolity dializa
25%
Przez ten kraj przepływa rzeka Saona Francja
25%
Nazwa tego promieniowania emitowanego przez czarne dziury pochodzi od brytyjskiego fizyka Hawkinga
25%
Grecki odpowiednik Westy Hestia
25%
To stan, w którym w organizmie dochodzi do niedocukrzenia,patologicznego obniżenia stężenia glukozy hipoglikemia
25%
To wysycenie krwi tętniczej tlenem, można je zmierzyć pulsoksymetrem saturacja
25%
Podaj dzienną datę 1941 roku, kiedy japońskie samoloty zaatakowały Pearl Harbor i rozpoczęły wojnę na Pacyfiku 07.12
0%
Podaj dzienną datę w 1970 roku, kiedy miał miejsce czarny czwartek, gdy wojsko i milicja krwawo tłumiły protesty stoczniowców na Wybrzeżu 17.12
0%
W tym dniu 2004 roku potężne tsunami uderzyło w wybrzeża państw nad Oceanem Indyjskim,wywołując straszliwą katastrofę 26.12
0%
W tym dniu 1918 roku wybuchło zwycięskie powstanie wielkopolskie 27.12
0%
rytualne obmycie ablucja
0%
Grecki odpowiednik Wenus Afrodyta
0%
To znana od średniowiecza nauka stanowi podstawę projektowania broni i amunicji balistyka
0%
Ta gałąź nauki zajmuje się badaniem Pisma Świętego biblistyka
0%
Nazwiska tytułowej bohaterki powieści noblisty Heinricha Bölla"Utracona cześć Katarzyny..." Blum
0%
Przez ten kraj przepływa rzeka Churchill Kanada
0%
utytułowany polski kierowca wyścigowy i rajdowy, bohater filmu dokumentalnego "Ścigany" Marian Bublewicz
0%
inaczej diarysta pamiętnikarz
0%
synonim deputowanego parlamentarzysta
0%
inaczej fuszer partacz
0%
głowa rodu patriarcha
0%
mieszka u kogoś w wynajętym pokoju sublokator
0%
Nie znaleziono quizów pasujących do podanych kryteriów
Rozkład punktacji
Procent ludzi z każdym wynikiem
Percentyl według liczby udzielonych odpowiedzi
Twoja historia wyników
Nie rozwiązałeś tego quizu